000 00452ntaaa2200181 4500
003 01
005 20251027202225.0
008 0714s1973 ag 01
040 _aAR-BaBN
_bspa
_cAR-BaBN
_eaacr
_dRIC
082 _a268.0000 Sp6
100 _aSpotts, Charles D
_920736
245 _aCalled to teach
250 _a1 ed.
260 _aPhiladelphia :
_bUnited Church Press,
_cc1963
300 _a111 p
650 _aeducación religiosa
_94601
942 _cBK
999 _c17092
_d17092